| 000 | 00664cab a2200205 4500 | ||
|---|---|---|---|
| 001 | ABS43997 | ||
| 008 | 090401t1991 xxu||||| |||| 00| 0 eng d | ||
| 035 | _a(Sirsi) u44651 | ||
| 041 | _aeng | ||
| 245 | _aInvesting in Indonesia - what`s allowed | ||
| 260 | _c1991 | ||
| 350 | _a0 | ||
| 490 |
_aAsian Property _vJanuary 1991, 18-20 (3) |
||
| 520 | _aExtracts from a Jones Lang Wootton guide for foreign investors buying property in Indonesia ; indicates incentives for foreign investment and types of land ownership . | ||
| 650 | _aDEVELOPMENT | ||
| 650 | _aLISTED COMPANIES | ||
| 690 | _aOVERSEAS-REST OF THE WORLD | ||
| 942 | _n0 | ||
| 948 | _c04/03/1997 | ||
| 999 |
_c28373 _d28373 |
||